000 00476nam a2200169 i 4500
001 64338
003 ES-MaACL
005 20230906165115.0
007 t|
008 031223s1921 fr ||||1| fre d
100 1 _aFocillon, Henri.
_9205095
245 1 0 _aArt et religion
_b: l'art boudhique /
_cpar Henri Focillon.
260 _aParis :
_b[s.n.],
_c1921 (
_eEvreux :
_fCh. Herissey)
300 _aXVI, 164 p. ;
_c21 cm.
852 _aES-MaACL
_jF-12519
999 _c64338
_d64338